Jigs and fixtures : A Reference book showing many types of jigs and fixtures in actual use and suggestions for various cases (Record no. 4822)

000 -LEADER
fixed length control field 00537nam a22001697a 4500
008 - FIXED-LENGTH DATA ELEMENTS--GENERAL INFORMATION
fixed length control field 200902b ||||| |||| 00| 0 eng d
082 00 - DEWEY DECIMAL CLASSIFICATION NUMBER
Classification number 621.9
Item number C7272
100 ## - MAIN ENTRY--PERSONAL NAME
9 (RLIN) 251
Personal name Colvin, Fred H.
245 10 - TITLE STATEMENT
Title Jigs and fixtures : A Reference book showing many types of jigs and fixtures in actual use and suggestions for various cases
250 ## - EDITION STATEMENT
Edition statement 5th ed.
260 ## - PUBLICATION, DISTRIBUTION, ETC. (IMPRINT)
Place of publication, distribution, etc New York
Name of publisher, distributor, etc McGraw-Hill
Date of publication, distribution, etc 1948
300 ## - PHYSICAL DESCRIPTION
Extent xiii, 410 p.
365 ## - TRADE PRICE
Unit of pricing 37.50
650 #0 - SUBJECT ADDED ENTRY--TOPICAL TERM
Topical term or geographic name as entry element Machine Tools
700 ## - ADDED ENTRY--PERSONAL NAME
9 (RLIN) 3845
Personal name Haas, Lucian L
942 ## - ADDED ENTRY ELEMENTS (KOHA)
Item type Books
Holdings
Withdrawn status Lost status Source of classification or shelving scheme Damaged status Not for loan Permanent location Current location Date acquired Source of acquisition Full call number Barcode Date last seen Koha item type
          IMU Kolkata IMU Kolkata 1964-03-04 Allied publishers 621.9 C7272 02931 2020-09-02 Books
Designed and Maintained by IMU-KC Library, Kolkata Campus © Copyright All Rights Reserved

webs counters

Powered by Koha